000 00709nam a2200229 4500
001 127840
003 ES-MaACL
005 20251220063020.0
007 t|
008 070214s1945 ag r ||||1| spa d
080 _a1(38)(09)
100 1 _aRivaud, Albert,
_d1876-1956
_9154540
245 1 4 _aLas grandes corrientes del pensamiento antiguo /
_cAlbert Rivaud ; [traducción de José Mora Guarnido].
260 _aBuenos Aires :
_bEd. del Tridente,
_c1945.
300 _a283 p. ;
_c20 cm.
490 1 _aImago mundi
700 1 _aMora Guarnido, José.
_982879
830 0 _aImago mundi (Tridente)
_9236940
852 _aES-MaACL
_jB-10053
_bR.22647
942 _2udc
999 _c127840
_d127840